000 01311cam a22003614a 4500
001 13818102
003 OSt
005 20140310184526.0
008 041217s2006 nyua j 000 0 eng
010 _a 2004030199
020 _a0060535989
020 _a0060535997 (lib. bdg.)
020 _a0439860571 (pbk.)
040 _aDLC
_cDLC
_dDLC
042 _apcc
050 0 0 _aQL 83
_b.J474 2006
100 1 _aJenkins, Steve,
_d1952-
_930241
245 1 0 _aAlmost gone :
_bthe world's rarest animals /
_cby Steve Jenkins.
250 _a1st ed.
260 _aNew York, NY :
_bHarperCollins Publishers,
_c2006.
300 _a33 p. :
_bcol. ill. ;
_c23 cm.
440 0 _aLet's-read-and-find-out science.
_nStage 2
_930242
521 _aG9
526 _c1020
650 0 _aRare animals
_vJuvenile literature.
_930243
650 0 _aEndangered species
_vJuvenile literature.
_930244
856 4 2 _3Contributor biographical information
_uhttp://www.loc.gov/catdir/enhancements/fy0910/2004030199-b.html
856 4 2 _3Publisher description
_uhttp://www.loc.gov/catdir/enhancements/fy0910/2004030199-d.html
906 _a7
_bcbc
_corignew
_d1
_eecip
_f20
_gy-gencatlg
942 _2lcc
_cSCH
999 _c35128
_d35128